000 01157namaa2200301 cb4500
001 BV005305351
003 DE-70
005 20250902155201.0
006 m|||| o||u| ||||||
007 tu
007 7
008 920527s1980 a||| |||| 00||| und d
020 _a9783111679662
_9978-3-11-167966-2
024 _a9783111679662
_a978-3-11-167966-2
040 _cRU-10907106
041 _ager
100 _aGansel, Carsten (Hrsg.); Sarkowicz, Hans (Hrsg.); Feuchert, Sascha (Hrsg.)
_4aut
_966712
245 _aDeutschsprachiger Rundfunk im Exil
_bDeutsche Emigration und Rundfunkarbeit im Widerstand gegen den Nationalsozialismus (1933-1945) und der Neubeginn im Nachkriegsdeutschland.
_cCarsten Gansel , Sascha Feuchert, Hans Sarkowicz (Hrsg.)
_nBand 1
264 _aBerlin/Boston
_bDe Gruyter; De Gruyter
_c2025
300 _a317 Seiten
336 _2rdacontent
_aText
_btxt
337 _2rdamedia
_aComputermedien
_bbc
338 _2rdacarrier
_aOnline Ressource
_bcr
490 _aDeutschsprachiger Rundfunk im Exil
500 _aE-Book / Zugriff nur im Lesesaal
856 _zVolltext
_uhttps://www.degruyter.com/isbn/9783111580425
942 _cEB
_2z
999 _c72679
_d72679